000 00743nam a22001817a 4500
999 _c192847
_d192847
005 20221010115541.0
010 _aRP B-745778
020 _c480.00
035 _aB-745778
037 _bChampion Publication
100 _aPratap, Gagan
245 _aComplete Classnotes Advance Maths:
_bUseful For CET, SSC, CGL, CPO, CHSL, CDS and other competitive exams/
_cGagan Pratap
260 _aDelhi
_bChampion Publication
_c2022
270 _a2nd Floor, Jaina Ext. Dr. Mukherjee Nagar
_bDelhi
_e110009
300 _a610p.
_c28cm(pbk)
942 _2ddc
_cEN
_h510
_mMAT